LEADER 01138nam0-22003011i-450- 001 990001863840403321 005 20041116150451.0 035 $a000186384 035 $aFED01000186384 035 $a(Aleph)000186384FED01 035 $a000186384 100 $a20030910d1964----km-y0itay50------ba 101 0 $aita 200 1 $aContributo allo studio dell'influenza esercitata dall'aldeide formica, impiegata come conservativo del latte, sul contenuto in aminoacidi del formaggio grana$fAlberto Bonomi 210 $aModena-Milano$c...$d1964 215 $a14 p.$d25 cm 225 1 $aRaccolta di memorie$fUniversità degli studi di Torino. Facoltà di scienze agrarie$v373 300 $aEstr. da: Il Latte, n. 1,1964 610 0 $aLatte 676 $a637.1 700 1$aBonomi,$bAlberto$081798 801 0$aIT$bUNINA$gRICA$2UNIMARC 901 $aBK 912 $a990001863840403321 952 $a60 MISC. B 131/373$fFAGBC 959 $aFAGBC 996 $aContributo allo studio dell'influenza esercitata dall'aldeide formica, impiegata come conservativo del latte, sul contenuto in aminoacidi del formaggio grana$9401447 997 $aUNINA LEADER 01276nam--2200409---450- 001 990000523170203316 005 20050713090157.0 010 $a0-14-043007-5 035 $a0052317 035 $aUSA010052317 035 $a(ALEPH)000052317USA01 035 $a0052317 100 $a20010625d1985----km-y0itay0103----ba 101 $aeng 102 $aGB 105 $a||||||||001yy 200 1 $a<> life and adventures of Robinson Crusoe$fDaniel Defoe$gedited with an introduction by Angus Ross 210 $aLondon$cPenguin books$d1985 215 $a319 p.$d18 cm 225 2 $aPenguin classics 410 $12001$aPenguin classics 676 $a823.5 700 1$aDEFOE,$bDaniel$069634 702 1$aROSS,$bAngus 801 0$aIT$bsalbc$gISBD 912 $a990000523170203316 951 $aVII.3.A. 1485(II i A 981)$b114794 LM$cII i A 951 $aVII.3.A. 1485b(II i A 981 BIS)$b114795 LM$cII i A 951 $aVII.3.A. 1485a(II i A 981 A)$b114796 LM$cII i A 959 $aBK 969 $aUMA 979 $aPATTY$b90$c20010625$lUSA01$h1518 979 $c20020403$lUSA01$h1701 979 $aPATRY$b90$c20040406$lUSA01$h1636 979 $aCOPAT3$b90$c20050713$lUSA01$h0901 996 $aLife and adventures of Robinson Crusoe$9214303 997 $aUNISA